000 00319nam a2200133Ia 4500
005 20251222143256.0
008 251222s9999||||xx |||||||||||||| ||spa||
020 _a9972-885-69-0
082 _a869.56/R47
100 _aReyes Tarazona, Roberto
245 0 _aLa Caza del Cuento
264 _bUniversitaria
942 _cLIB
999 _c15130
_d15130